[Event "4NCL/Div4/ATH vs. GLOSG"]
[Site "Sunningdale ENG"]
[Date "2008.03.16"]
[Round "8.4"]
[White "Gilmour, Andrew J"]
[Black "Gruettner, Ralf"]
[Result "1-0"]
[WhiteElo "2030"]
[BlackElo "2102"]
[PlyCount "109"]
[EventDate "2008.03.16"]
[EventType "team"]
[EventRounds "11"]
[EventCountry "ENG"]
[SourceDate "2007.09.15"]

1. e4 c5 2. Nc3 g6 3. d4 Bg7 4. d5 d6 5. Nf3 Nf6 6. Bb5+ Bd7 7. a4 O-O 8. O-O
Bxb5 9. axb5 Nbd7 10. Re1 Nb6 11. h3 Nfd7 12. Bf4 Nc4 13. Qc1 Re8 14. Nd2 Nxd2
15. Qxd2 a6 16. bxa6 bxa6 17. Ra2 Qc7 18. Rea1 Reb8 19. Nd1 Rb6 20. Bh6 Bh8 21.
c3 Qb7 22. Ne3 Rb5 23. Qe2 Nb6 24. Kh2 Bg7 25. Rxa6 c4 26. Rxa8+ Nxa8 27. Bxg7
Kxg7 28. Nxc4 Nc7 29. Qe3 Rc5 30. Qd4+ Kg8 31. b4 Nb5 32. Qd3 Rc8 33. Na5 Qb6
34. Nc6 Kf8 35. Kg1 f6 36. Ra5 Nc7 37. Nd4 Re8 38. Qc4 Qb7 39. Qc6 Qxc6 40.
Nxc6 Ra8 41. Rxa8+ Nxa8 42. Kf1 Ke8 43. Ke2 h5 44. Kd3 Nb6 45. c4 Na4 46. Kc2
Kd7 47. Kb3 Nb6 48. c5 Nc8 49. Kc4 e6 50. Nd4 exd5+ 51. exd5 g5 52. Nf5 dxc5
53. Kxc5 h4 54. b5 Kc7 55. d6+ 1-0

[Event "4NCL/Div4/ATH vs. GLOSG"]
[Site "Sunningdale ENG"]
[Date "2008.03.16"]
[Round "8.5"]
[White "Pedersen, Carsten"]
[Black "Meade, Philip J"]
[Result "1-0"]
[WhiteElo "2149"]
[BlackElo "2020"]
[PlyCount "87"]
[EventDate "2008.03.16"]
[EventType "team"]
[EventRounds "11"]
[EventCountry "ENG"]
[SourceDate "2007.09.15"]

1. e4 c5 2. Nc3 Nc6 3. g3 g6 4. Bg2 Bg7 5. d3 e6 6. Be3 Nd4 7. Nce2 Ne7 8. c3
Nxe2 9. Nxe2 d6 10. O-O O-O 11. Qd2 Re8 12. Rad1 Qc7 13. d4 c4 14. b3 Bd7 15.
Bf4 Nc8 16. Rfe1 b5 17. e5 d5 18. Bh6 cxb3 19. axb3 Ne7 20. Bxg7 Kxg7 21. Qg5
Ng8 22. h4 h6 23. Qf4 Rab8 24. b4 a5 25. Qd2 Rec8 26. Rc1 Qb6 27. Nf4 axb4 28.
cxb4 Rc4 29. Red1 Rbc8 30. Ne2 Ne7 31. g4 Nc6 32. Rb1 Qd8 33. g5 hxg5 34. hxg5
Qe7 35. Bf1 Rh8 36. Qf4 Rh5 37. Qf6+ Kh7 38. Ng3 Rxg5 39. Bxc4 Qxf6 40. exf6
dxc4 41. Kg2 Nd8 42. Rh1+ Kg8 43. Rh4 Bc6+ 44. f3 1-0

[Event "4NCL/Div4/ATH vs. GLOSG"]
[Site "Sunningdale ENG"]
[Date "2008.03.16"]
[Round "8.6"]
[White "Baker, Patrick"]
[Black "Stevenson, James A B"]
[Result "0-1"]
[WhiteElo "1795"]
[BlackElo "2074"]
[PlyCount "64"]
[EventDate "2008.03.16"]
[EventType "team"]
[EventRounds "11"]
[EventCountry "ENG"]
[SourceDate "2007.09.15"]

1. d4 Nf6 2. Nf3 g6 3. Nc3 Bg7 4. e4 d6 5. Be3 c6 6. Qd2 Qa5 7. Bd3 Bg4 8. Bh6
Bxh6 9. Qxh6 Bxf3 10. gxf3 Nbd7 11. h4 Qb4 12. Qe3 e5 13. dxe5 dxe5 14. O-O-O
Qc5 15. Bf1 Qxe3+ 16. fxe3 Ke7 17. Bh3 Rad8 18. Rd2 Nc5 19. Rhd1 Rxd2 20. Rxd2
a5 21. a3 a4 22. Bf1 h6 23. Rg2 Rg8 24. Kd1 g5 25. hxg5 hxg5 26. Kd2 g4 27.
fxg4 Nfxe4+ 28. Nxe4 Nxe4+ 29. Kd3 Nf6 30. Be2 Rd8+ 31. Kc3 Nd5+ 32. Kd2 Nf4+
0-1

[Event "4NCL/Div4/FCA2 vs. OXF2"]
[Site "Sunningdale ENG"]
[Date "2008.03.16"]
[Round "8.1"]
[White "Adebajo, Femi"]
[Black "Rawlinson, Aidan"]
[Result "0-1"]
[WhiteElo "2029"]
[BlackElo "2229"]
[PlyCount "96"]
[EventDate "2008.03.16"]
[EventType "team"]
[EventRounds "11"]
[EventCountry "ENG"]
[SourceDate "2007.09.15"]

1. e4 c5 2. d4 cxd4 3. c3 dxc3 4. Nxc3 Nc6 5. Nf3 e6 6. Bc4 Qc7 7. Qe2 Nf6 8.
e5 Ng4 9. Bf4 d5 10. exd6 Bxd6 11. Bxd6 Qxd6 12. Rd1 Qe7 13. O-O O-O 14. Ne4
Nge5 15. Nxe5 Nxe5 16. Bb3 Nc6 17. Rd3 e5 18. Qh5 Nd4 19. Re1 Nxb3 20. Rxb3 f6
21. a3 Be6 22. Rg3 Bd5 23. Nc3 Qf7 24. Qh6 Kh8 25. Qd2 Bc6 26. Rd3 Rae8 27. b4
a6 28. f3 f5 29. Rd6 Re6 30. Rd1 e4 31. f4 e3 32. Qe2 h6 33. R6d3 Rfe8 34. Re1
Qc7 35. g3 Qb6 36. Nd5 Bxd5 37. Rxd5 g6 38. Rc5 Qd6 39. Rd1 Qe7 40. Rdc1 Qf6
41. Rc7 R6e7 42. R7c5 Rd8 43. Rc8 Rxc8 44. Rxc8+ Kg7 45. Qa2 h5 46. Kf1 e2+ 47.
Ke1 Kh6 48. Rc2 Qd4 0-1

[Event "4NCL/Div4/FCA2 vs. OXF2"]
[Site "Sunningdale ENG"]
[Date "2008.03.16"]
[Round "8.2"]
[White "Starkie, Ray"]
[Black "Freeman, Richard C P"]
[Result "1/2-1/2"]
[WhiteElo "2140"]
[BlackElo "2085"]
[PlyCount "42"]
[EventDate "2008.03.16"]
[EventType "team"]
[EventRounds "11"]
[EventCountry "ENG"]
[SourceDate "2007.09.15"]

1. d4 g6 2. e4 d6 3. Nc3 Bg7 4. Be3 a6 5. Qd2 b5 6. Nf3 Nd7 7. a4 b4 8. Nd1 a5
9. Bd3 c5 10. dxc5 Nxc5 11. Nd4 Nf6 12. f3 O-O 13. Bb5 Bd7 14. O-O Qc7 15. Nf2
Rfd8 16. Bxd7 Rxd7 17. Nd3 Nxd3 18. cxd3 e5 19. Nb5 Qb7 20. d4 d5 21. exd5 Nxd5
1/2-1/2

[Event "4NCL/Div4/FCA2 vs. OXF2"]
[Site "Sunningdale ENG"]
[Date "2008.03.16"]
[Round "8.3"]
[White "Kendall, Paul S N"]
[Black "Bruce, Dave"]
[Result "1-0"]
[WhiteElo "2069"]
[BlackElo "2114"]
[PlyCount "43"]
[EventDate "2008.03.16"]
[EventType "team"]
[EventRounds "11"]
[EventCountry "ENG"]
[SourceDate "2007.09.15"]

1. e4 e6 2. b3 b6 3. Bb2 Bb7 4. Nc3 c5 5. Nf3 Nc6 6. e5 f5 7. Nb5 a6 8. Nd6+
Bxd6 9. exd6 Nf6 10. d4 cxd4 11. Nxd4 O-O 12. Be2 b5 13. O-O Rc8 14. c4 Qb6 15.
Rc1 Ne4 16. Nxc6 Rxc6 17. Bd4 Qa5 18. c5 Qxa2 19. Bf3 Rcc8 20. Ra1 Qd2 21. Qxd2
Nxd2 22. Bxb7 1-0

[Event "4NCL/Div4/FCA2 vs. OXF2"]
[Site "Sunningdale ENG"]
[Date "2008.03.16"]
[Round "8.4"]
[White "Chapman, Graham W"]
[Black "Majer, Chris E"]
[Result "1-0"]
[WhiteElo "2040"]
[BlackElo "2075"]
[PlyCount "83"]
[EventDate "2008.03.16"]
[EventType "team"]
[EventRounds "11"]
[EventCountry "ENG"]
[SourceDate "2007.09.15"]

1. e4 d5 2. exd5 Qxd5 3. Nf3 Nf6 4. d4 c6 5. Be2 Bg4 6. O-O e6 7. c4 Qa5 8. Bf4
Be7 9. Nc3 Nbd7 10. Re1 O-O 11. Ne5 Bxe2 12. Qxe2 Rfd8 13. Nxf7 Nf8 14. Nxd8
Rxd8 15. Rad1 Qf5 16. Qe5 Qg6 17. Bg3 Bb4 18. h3 Nh5 19. Re3 Rd7 20. Ne4 h6 21.
a3 Be7 22. Rdd3 Nf6 23. Nc5 Bd6 24. Qxd6 Rxd6 25. Bxd6 N6d7 26. Nxb7 Qg5 27. b3
a6 28. Nc5 Nxc5 29. Bxc5 Nd7 30. Bd6 Qf5 31. Rd2 Kh7 32. Rde2 Kg8 33. Kh2 Qb1
34. Rf3 Qd1 35. Rxe6 Qxd4 36. Bc7 Qc5 37. Re8+ Kh7 38. Rf7 Nf6 39. Ree7 Qxf2
40. Rxg7+ Kh8 41. Be5 Qf5 42. Rgf7 1-0

[Event "4NCL/Div4/FCA2 vs. OXF2"]
[Site "Sunningdale ENG"]
[Date "2008.03.16"]
[Round "8.5"]
[White "Valentine, Brian J"]
[Black "Morris, Graham"]
[Result "1-0"]
[WhiteElo "1986"]
[BlackElo "2038"]
[PlyCount "119"]
[EventDate "2008.03.16"]
[EventType "team"]
[EventRounds "11"]
[EventCountry "ENG"]
[SourceDate "2007.09.15"]

1. e4 c5 2. Ne2 Nc6 3. Nbc3 d6 4. d4 cxd4 5. Nxd4 Nf6 6. Be2 e6 7. O-O Be7 8.
Be3 O-O 9. Qd2 a6 10. f4 Qc7 11. Rad1 Rb8 12. Kh1 b5 13. a3 Bb7 14. Bf3 Na5 15.
Qe1 Nc4 16. Bc1 Rfe8 17. b3 Nb6 18. Bb2 Bf8 19. Qh4 Rbc8 20. Rd3 Qe7 21. g4
Nfd7 22. Qg3 g6 23. e5 Bxf3+ 24. Nxf3 d5 25. Rd2 Bg7 26. h4 Nc5 27. Re2 Qb7 28.
Nd4 Nbd7 29. h5 b4 30. axb4 Qxb4 31. Qf2 Qb7 32. hxg6 fxg6 33. Qh4 Nf8 34. Nb1
Ne4 35. Nd2 Nxd2 36. Rxd2 Rc7 37. Kg1 Rf7 38. Qg3 Qc7 39. Nf3 h6 40. Bd4 Kh7
41. Rh2 Kg8 42. Ra1 Qb7 43. Rf2 Rc8 44. Nh4 Qb5 45. f5 g5 46. Ng2 exf5 47. gxf5
Rfc7 48. Ne3 Bh8 49. Qh3 Rh7 50. f6 Rc6 51. Nf5 Ne6 52. Bb2 Nf4 53. Qg4 Kf7 54.
Nd4 Qb7 55. Nxc6 Qxc6 56. Qf5 Kg8 57. Ra4 Qd7 58. Raxf4 gxf4 59. Rg2+ Kf8 60.
Ba3+ 1-0

[Event "4NCL/Div4/FCA2 vs. OXF2"]
[Site "Sunningdale ENG"]
[Date "2008.03.16"]
[Round "8.6"]
[White "Ludbrook, Matt"]
[Black "Matthews, Adrian"]
[Result "1/2-1/2"]
[WhiteElo "2030"]
[BlackElo "1920"]
[PlyCount "62"]
[EventDate "2008.03.16"]
[EventType "team"]
[EventRounds "11"]
[EventCountry "ENG"]
[SourceDate "2007.09.15"]

1. e4 c5 2. Nc3 Nc6 3. g3 g6 4. Bg2 Bg7 5. d3 d6 6. Be3 Bd7 7. Qd2 Rb8 8. f4
Nf6 9. h3 b5 10. Nge2 b4 11. Nd1 O-O 12. g4 Ne8 13. c3 bxc3 14. bxc3 Qa5 15.
Bf3 Nc7 16. h4 Rb6 17. h5 Rfb8 18. hxg6 hxg6 19. f5 Ne5 20. Kf2 Rb2 21. Nxb2
Rxb2 22. Qd1 Qxc3 23. Kg3 Qxd3 24. Qxd3 Nxd3 25. Rab1 Be5+ 26. Kg2 Bc6 27. Rxb2
Nxb2 28. Rc1 Nd3 29. Rd1 Nb2 30. Rc1 Nd3 31. Rd1 Nb2 1/2-1/2

[Event "4NCL/Div4/MET vs. GUI4"]
[Site "Sunningdale ENG"]
[Date "2008.03.16"]
[Round "8.1"]
[White "Noden, Nicolas"]
[Black "Dekker, Alain"]
[Result "0-1"]
[WhiteElo "2151"]
[BlackElo "2114"]
[PlyCount "74"]
[EventDate "2008.03.16"]
[EventType "team"]
[EventRounds "11"]
[EventCountry "ENG"]
[SourceDate "2007.09.15"]

1. c4 f5 2. g3 Nf6 3. Bg2 e6 4. Nf3 Be7 5. O-O O-O 6. Nc3 d6 7. d3 a5 8. e4 e5
9. exf5 Bxf5 10. d4 Nc6 11. h3 Qc8 12. Kh2 Bg6 13. Be3 Bf7 14. d5 Nd8 15. Rc1
b6 16. Ng5 Rb8 17. a3 Bh5 18. Qd2 h6 19. Nge4 Bg6 20. b4 axb4 21. axb4 Nf7 22.
Nxf6+ Bxf6 23. h4 Qd7 24. Be4 Bxe4 25. Nxe4 Bd8 26. Ra1 Qf5 27. f3 Qh5 28. Kg2
Nh8 29. Qf2 Ng6 30. Rh1 Ne7 31. g4 Qf7 32. Ra7 b5 33. c5 Qxd5 34. cxd6 cxd6 35.
Rd7 Nc8 36. Bc5 Ra8 37. Bxd6 Ra2 0-1

[Event "4NCL/Div4/MET vs. GUI4"]
[Site "Sunningdale ENG"]
[Date "2008.03.16"]
[Round "8.2"]
[White "Punnett, Alan K"]
[Black "Dickson, George"]
[Result "0-1"]
[WhiteElo "2108"]
[BlackElo "2155"]
[PlyCount "98"]
[EventDate "2008.03.16"]
[EventType "team"]
[EventRounds "11"]
[EventCountry "ENG"]
[SourceDate "2007.09.15"]

1. d4 Nf6 2. c4 c5 3. d5 e6 4. Nc3 exd5 5. cxd5 d6 6. Nf3 g6 7. g3 Bg7 8. Bg2
O-O 9. O-O Na6 10. Bf4 Nh5 11. Bg5 Qe8 12. Qd2 b5 13. Bh6 b4 14. Bxg7 Kxg7 15.
Nd1 Nc7 16. Ne3 Nf6 17. a3 b3 18. a4 Ne4 19. Qa5 Qe7 20. Ra3 Rb8 21. Nh4 f5 22.
Bxe4 fxe4 23. Qc3+ Qf6 24. Rc1 Qxc3 25. Rxc3 Bb7 26. Raxb3 Bxd5 27. Rxb8 Rxb8
28. Nxd5 Nxd5 29. Rc2 Kf6 30. Rd2 Ke6 31. Ng2 Rb4 32. Nf4+ Nxf4 33. gxf4 Rxa4
34. Kg2 Ra2 35. f3 d5 36. fxe4 dxe4 37. Kf2 c4 38. Rd4 Rxb2 39. Rxc4 Kf5 40.
Rc7 Kxf4 41. Rf7+ Kg4 42. Rxa7 h5 43. Rf7 Rb5 44. Ke3 Kh3 45. Kxe4 Kxh2 46. Rg7
g5 47. Kf3 g4+ 48. Rxg4 Rb3+ 49. e3 Rxe3+ 0-1

[Event "4NCL/Div4/MET vs. GUI4"]
[Site "Sunningdale ENG"]
[Date "2008.03.16"]
[Round "8.3"]
[White "Calvert, D Ian"]
[Black "Taylor, Mark"]
[Result "1/2-1/2"]
[WhiteElo "2074"]
[BlackElo "2144"]
[PlyCount "92"]
[EventDate "2008.03.16"]
[EventType "team"]
[EventRounds "11"]
[EventCountry "ENG"]
[SourceDate "2007.09.15"]

1. b3 d6 2. Bb2 e5 3. e3 Nf6 4. d4 Nbd7 5. c4 g6 6. Nc3 Bg7 7. Nf3 O-O 8. Be2
Re8 9. Qc2 c6 10. O-O-O a6 11. h3 exd4 12. Nxd4 d5 13. g4 dxc4 14. bxc4 Qe7 15.
g5 Ne4 16. Nxe4 Qxe4 17. Qxe4 Rxe4 18. Bd3 Re8 19. Nf3 Nc5 20. Bxg7 Kxg7 21.
Be2 Ne4 22. Rh2 Be6 23. Kc2 Rad8 24. Bd3 Nc5 25. Nd4 Bc8 26. Bf1 Ne4 27. h4 c5
28. Nb3 Bf5 29. Rxd8 Rxd8 30. Bd3 b6 31. f3 Nd6 32. e4 Be6 33. Kc3 {=} Rc8 34.
Re2 b5 35. Nd2 b4+ 36. Kb2 a5 37. e5 Nf5 38. Bxf5 Bxf5 39. Ne4 Bxe4 40. Rxe4 a4
41. e6 Re8 42. Re5 Rxe6 43. Rxc5 Re2+ 44. Kb1 Re1+ 45. Kb2 Re2+ 46. Kb1 Re1+
1/2-1/2

[Event "4NCL/Div4/MET vs. GUI4"]
[Site "Sunningdale ENG"]
[Date "2008.03.16"]
[Round "8.4"]
[White "Stimpson, Philip M"]
[Black "Djabri, Zafer M"]
[Result "0-1"]
[WhiteElo "2076"]
[BlackElo "2080"]
[PlyCount "72"]
[EventDate "2008.03.16"]
[EventType "team"]
[EventRounds "11"]
[EventCountry "ENG"]
[SourceDate "2007.09.15"]

1. e4 c5 2. Nc3 Nc6 3. Nf3 e6 4. Bb5 Nge7 5. O-O g6 6. e5 Bg7 7. Ne4 O-O 8.
Nxc5 Nxe5 9. Nxe5 Bxe5 10. d4 Bg7 11. c3 a6 12. Be2 b6 13. Nd3 Qc7 14. Bf4 d6
15. Bf3 Rb8 16. Qd2 Nf5 17. Be4 e5 18. Bxf5 Bxf5 19. Nb4 Qb7 20. Be3 a5 21. Nc2
b5 22. a3 Qd5 23. Rac1 Qb3 24. Na1 Qd5 25. Rfd1 b4 26. axb4 axb4 27. c4 Qa5 28.
Nc2 Qa4 29. Ne1 b3 30. dxe5 dxe5 31. Bc5 Rfc8 32. Bd6 Ra8 33. c5 e4 34. f3 Qa2
35. fxe4 Bxe4 36. Nd3 Bd4+ {time} 0-1

[Event "4NCL/Div4/MET vs. GUI4"]
[Site "Sunningdale ENG"]
[Date "2008.03.16"]
[Round "8.5"]
[White "Vachtfeidl, Petr"]
[Black "Roset, Christophe"]
[Result "1-0"]
[WhiteElo "2008"]
[BlackElo "2071"]
[PlyCount "29"]
[EventDate "2008.03.16"]
[EventType "team"]
[EventRounds "11"]
[EventCountry "ENG"]
[SourceDate "2007.09.15"]

1. e4 c5 2. Nf3 a6 3. c3 Nf6 4. e5 Nd5 5. d4 cxd4 6. Bc4 Nc7 7. cxd4 d5 8. exd6
Qxd6 9. O-O b5 10. Bb3 Bb7 11. Nc3 Nd7 12. Ng5 Bd5 13. Nxd5 Nxd5 14. Nxf7 Kxf7
15. Qh5+ 1-0

[Event "4NCL/Div4/MET vs. GUI4"]
[Site "Sunningdale ENG"]
[Date "2008.03.16"]
[Round "8.6"]
[White "Gibbs, Daniel"]
[Black "Cooke, Charlie"]
[Result "1-0"]
[WhiteElo "1990"]
[BlackElo "1845"]
[PlyCount "91"]
[EventDate "2008.03.16"]
[EventType "team"]
[EventRounds "11"]
[EventCountry "ENG"]
[SourceDate "2007.09.15"]

1. d4 d5 2. c4 e6 3. Nc3 Nf6 4. cxd5 exd5 5. Bg5 Be7 6. e3 c6 7. Bd3 O-O 8. Qc2
Nbd7 9. Nf3 Re8 10. h3 Nf8 11. Ne5 h6 12. Bf4 Bd6 13. O-O-O a6 14. Bh2 c5 15.
f4 c4 16. Be2 b5 17. Bf3 Bb7 18. g4 b4 19. g5 bxc3 20. gxf6 Qxf6 21. Qxc3 Qe6
22. Bg4 Qe7 23. Bh5 Bxe5 24. fxe5 Ne6 25. Rdf1 Rf8 26. Bf4 Nxf4 27. exf4 f5 28.
Rhg1 Rac8 29. Rg2 Rc6 30. Rfg1 Rfc8 31. Rxg7+ Qxg7 32. Rxg7+ Kxg7 33. Qg3+ Kh8
34. Qh4 c3 35. b3 c2 36. Bf7 Kg7 37. e6 Rh8 38. Qg3+ Kf8 39. Qg6 Ke7 40. Qxf5
Rc3 41. Bg8 Bc6 42. Qf7+ Kd6 43. Qg7 Rxg8 44. Qxg8 Rxh3 45. f5 Rf3 46. Qd8+ 1-0

[Event "4NCL/Div4/KJCAK vs. SSC"]
[Site "Sunningdale ENG"]
[Date "2008.03.16"]
[Round "8.1"]
[White "Jones, William"]
[Black "Fryer, David W"]
[Result "1/2-1/2"]
[WhiteElo "1984"]
[BlackElo "2065"]
[PlyCount "27"]
[EventDate "2008.03.16"]
[EventType "team"]
[EventRounds "11"]
[EventCountry "ENG"]
[SourceDate "2007.09.15"]

1. e4 e5 2. Nf3 Nc6 3. Bb5 a6 4. Ba4 Nf6 5. O-O Nxe4 6. d4 b5 7. Bb3 d5 8. dxe5
Be6 9. Qe2 Be7 10. Rd1 Na5 11. Nd4 O-O 12. f3 Nc5 13. Bd2 Naxb3 14. axb3
1/2-1/2

[Event "4NCL/Div4/KJCAK vs. SSC"]
[Site "Sunningdale ENG"]
[Date "2008.03.16"]
[Round "8.2"]
[White "Salimbeni, George"]
[Black "Jones, Victor"]
[Result "1/2-1/2"]
[WhiteElo "2038"]
[BlackElo "1868"]
[PlyCount "60"]
[EventDate "2008.03.16"]
[EventType "team"]
[EventRounds "11"]
[EventCountry "ENG"]
[SourceDate "2007.09.15"]

1. e4 c5 2. c3 Nf6 3. e5 Nd5 4. d4 cxd4 5. Nf3 Nc6 6. Bc4 e6 7. cxd4 d6 8. Qe2
Be7 9. O-O O-O 10. Nc3 Nxc3 11. bxc3 dxe5 12. dxe5 Qa5 13. Qe4 Qa4 14. Bg5 h6
15. Bxe7 Nxe7 16. Rab1 Qc6 17. Bd3 Qxe4 18. Bxe4 Rb8 19. Rfd1 b6 20. c4 Bb7 21.
Bxb7 Rxb7 22. c5 Rc8 23. cxb6 axb6 24. Nd4 Rd7 25. Nf3 Rxd1+ 26. Rxd1 Rc2 27.
Ra1 Nc6 28. a3 Rc5 29. Re1 Rc3 30. Ra1 Rc5 1/2-1/2

[Event "4NCL/Div4/KJCAK vs. SSC"]
[Site "Sunningdale ENG"]
[Date "2008.03.16"]
[Round "8.3"]
[White "Lunn, Matt"]
[Black "Fraser, Joe P"]
[Result "1/2-1/2"]
[WhiteElo "1822"]
[BlackElo "1987"]
[PlyCount "56"]
[EventDate "2008.03.16"]
[EventType "team"]
[EventRounds "11"]
[EventCountry "ENG"]
[SourceDate "2007.09.15"]

1. d4 Nf6 2. c4 g6 3. Nc3 Bg7 4. e4 d6 5. Nf3 O-O 6. Be2 e5 7. O-O Nc6 8. d5
Ne7 9. b4 Nh5 10. Re1 f5 11. Ng5 Nf6 12. Bf3 f4 13. Bb2 Kh8 14. h3 h6 15. Ne6
Bxe6 16. dxe6 Nc8 17. c5 dxc5 18. Qxd8 Rxd8 19. Nd5 Nxd5 20. exd5 cxb4 21. Rac1
Nd6 22. Rxc7 Rac8 23. Rxc8 Rxc8 24. Bxe5 Bxe5 25. Rxe5 Kg7 26. e7 Kf7 27. Bg4
Re8 28. Re6 h5 1/2-1/2

[Event "4NCL/Div4/KJCAK vs. SSC"]
[Site "Sunningdale ENG"]
[Date "2008.03.16"]
[Round "8.4"]
[White "Woods, Tim"]
[Black "Jones, Laurence"]
[Result "0-1"]
[WhiteElo "1940"]
[BlackElo "1758"]
[PlyCount "68"]
[EventDate "2008.03.16"]
[EventType "team"]
[EventRounds "11"]
[EventCountry "ENG"]
[SourceDate "2007.09.15"]

1. e4 c5 2. Nf3 d6 3. d4 cxd4 4. Nxd4 Nf6 5. Nc3 g6 6. Be3 Bg7 7. f3 h5 8. Qd2
Nc6 9. h4 Bd7 10. Bc4 a6 11. O-O-O Rc8 12. Bb3 Ne5 13. Kb1 Nc4 14. Bxc4 Rxc4
15. g4 hxg4 16. Bg5 Nxe4 17. Nxe4 Rxd4 18. Qe3 Qb6 19. Rxd4 Qxd4 20. Qxd4 Bxd4
21. fxg4 Bxg4 22. Re1 Be5 23. Nf2 Be6 24. Nd3 Kd7 25. Nxe5+ dxe5 26. Rd1+ Ke8
27. Rh1 f6 28. Be3 Rh5 29. Rg1 Kf7 30. Bf2 Rf5 31. Be3 Rf3 32. Bd2 Bf5 33. Kc1
Rh3 34. Be1 Rh2 0-1

[Event "4NCL/Div4/KJCAK vs. SSC"]
[Site "Sunningdale ENG"]
[Date "2008.03.16"]
[Round "8.5"]
[White "Maguire, Robert"]
[Black "Yates, Christopher"]
[Result "1-0"]
[WhiteElo "1703"]
[BlackElo "1680"]
[PlyCount "47"]
[EventDate "2008.03.16"]
[EventType "team"]
[EventRounds "11"]
[EventCountry "ENG"]
[SourceDate "2007.09.15"]

1. e4 c5 2. Nf3 d6 3. d4 cxd4 4. Nxd4 Nf6 5. Nc3 a6 6. Be3 e5 7. Nb3 Be6 8. f3
Be7 9. Qd2 O-O 10. h4 Nbd7 11. h5 Qc7 12. g4 b5 13. g5 Ne8 14. Bd3 b4 15. Nd5
Bxd5 16. exd5 a5 17. Qg2 f5 18. gxf6 Ndxf6 19. h6 Bd8 20. Qh3 g6 21. Nd2 Nxd5
22. Bc4 Qf7 23. O-O-O Rc8 24. Qxc8 1-0

[Event "4NCL/Div4/KJCAK vs. SSC"]
[Site "Sunningdale ENG"]
[Date "2008.03.16"]
[Round "8.6"]
[White "Fryer, Kieran"]
[Black "Gahir, Jasdeep"]
[Result "0-1"]
[WhiteElo "1560"]
[BlackElo "1715"]
[PlyCount "122"]
[EventDate "2008.03.16"]
[EventType "team"]
[EventRounds "11"]
[EventCountry "ENG"]
[SourceDate "2007.09.15"]

1. e4 c5 2. Nc3 Nc6 3. g3 g6 4. Bg2 Bg7 5. d3 d6 6. Be3 e6 7. Nge2 Nge7 8. O-O
O-O 9. Qd2 f5 10. Rab1 Nd4 11. Bh6 Bxh6 12. Qxh6 Nxc2 13. a3 fxe4 14. dxe4 Nd4
15. Qe3 Nec6 16. b4 b6 17. b5 Nxe2+ 18. Qxe2 Nd4 19. Qd3 a6 20. e5 d5 21. a4 a5
22. f4 Ra7 23. Rf2 Nf5 24. g4 c4 25. Qe2 Ne7 26. h4 Kh8 27. Rbf1 Ng8 28. f5 d4
29. Nb1 d3 30. Qe4 exf5 31. gxf5 Bxf5 32. Qxc4 Qc7 33. Nd2 Qxe5 34. Be4 Bxe4
35. Nxe4 Rxf2 36. Rxf2 Re7 37. Nd2 Qg3+ 38. Rg2 Qe3+ 39. Kh2 Qe5+ 40. Kh1 Qe1+
41. Kh2 Qe5+ 42. Kh1 Rd7 43. Kg1 Qd4+ 44. Qxd4+ Rxd4 45. Nf3 Rxa4 46. Rd2 Rb4
47. Rxd3 Rxb5 48. Rd6 Ne7 49. Nd4 Rd5 50. Rxd5 Nxd5 51. Nb5 Kg7 52. Kg2 Kf6 53.
Kf3 a4 54. Kg4 Ne3+ 55. Kf4 Nc4 56. Nc3 a3 57. Na2 b5 58. Kg4 Ne5+ 59. Kf4 Nc6
60. Nc3 b4 61. Nb1 a2 0-1

[Event "4NCL/Div4/ANGA2 vs. WOB"]
[Site "Sunningdale ENG"]
[Date "2008.03.16"]
[Round "8.1"]
[White "Reynolds, D Ian"]
[Black "Lewyk, Ihor"]
[Result "1/2-1/2"]
[WhiteElo "2073"]
[BlackElo "2146"]
[PlyCount "46"]
[EventDate "2008.03.16"]
[EventType "team"]
[EventRounds "11"]
[EventCountry "ENG"]
[SourceDate "2007.09.15"]

1. e4 d5 2. exd5 Qxd5 3. Nc3 Qa5 4. d4 c6 5. Nf3 Nf6 6. Bc4 Bf5 7. Bd2 e6 8.
Ne4 Qd8 9. Ng3 Bg4 10. c3 Bd6 11. h3 Bxf3 12. Qxf3 Qc7 13. O-O Nbd7 14. Rfe1
O-O 15. Ne4 Nxe4 16. Rxe4 e5 17. Bd3 f5 18. Rh4 g6 19. Bc4+ Kh8 20. dxe5 Nxe5
21. Qe2 Qe7 22. Rd4 Nxc4 23. Qxc4 Be5 1/2-1/2

[Event "4NCL/Div4/ANGA2 vs. WOB"]
[Site "Sunningdale ENG"]
[Date "2008.03.16"]
[Round "8.2"]
[White "Archer, Richard"]
[Black "Savage, Nicholas W"]
[Result "1/2-1/2"]
[WhiteElo "2075"]
[BlackElo "2105"]
[PlyCount "39"]
[EventDate "2008.03.16"]
[EventType "team"]
[EventRounds "11"]
[EventCountry "ENG"]
[SourceDate "2007.09.15"]

1. d4 Nf6 2. Nf3 g6 3. c4 Bg7 4. Nc3 d5 5. cxd5 Nxd5 6. e4 Nxc3 7. bxc3 c5 8.
Bb5+ Nd7 9. O-O O-O 10. e5 Qa5 11. Qb3 a6 12. Be2 b5 13. Qd5 Rb8 14. e6 Nf6 15.
exf7+ Rxf7 16. Qxc5 Ne4 17. Qb4 Qxb4 18. cxb4 Nc3 19. Bd3 Bf5 20. Bxf5 1/2-1/2

[Event "4NCL/Div4/ANGA2 vs. WOB"]
[Site "Sunningdale ENG"]
[Date "2008.03.16"]
[Round "8.3"]
[White "Lunn, Timothy"]
[Black "Zhu, Yao Yao"]
[Result "1/2-1/2"]
[WhiteElo "2074"]
[BlackElo "1997"]
[PlyCount "56"]
[EventDate "2008.03.16"]
[EventType "team"]
[EventRounds "11"]
[EventCountry "ENG"]
[SourceDate "2007.09.15"]

1. Nf3 d5 2. d4 e6 3. c4 c6 4. Qc2 f5 5. e3 Nf6 6. Nc3 Bd6 7. Bd3 Ne4 8. h3 Nd7
9. g4 Ndf6 10. gxf5 exf5 11. cxd5 cxd5 12. Bd2 Be6 13. Bb5+ Bd7 14. Qa4 Nxc3
15. Bxc3 O-O 16. O-O-O Bxb5 17. Qxb5 a6 18. Qb3 b5 19. Bb4 a5 20. Bxd6 Qxd6 21.
Kb1 Ne4 22. Rhf1 a4 23. Qd3 a3 24. b3 b4 25. Rc1 Rac8 26. Rxc8 Rxc8 27. Nd2 Rc3
28. Nxe4 fxe4 1/2-1/2

[Event "4NCL/Div4/ANGA2 vs. WOB"]
[Site "Sunningdale ENG"]
[Date "2008.03.16"]
[Round "8.4"]
[White "Vaughan, David"]
[Black "Feavyour, John"]
[Result "0-1"]
[WhiteElo "2050"]
[BlackElo "2094"]
[PlyCount "46"]
[EventDate "2008.03.16"]
[EventType "team"]
[EventRounds "11"]
[EventCountry "ENG"]
[SourceDate "2007.09.15"]

1. e4 c5 2. Nc3 Nc6 3. f4 d6 4. Nf3 g6 5. Bb5 Bg7 6. O-O Bd7 7. Bxc6 Bxc6 8. d3
Nf6 9. Qe1 O-O 10. Bd2 b5 11. Qh4 b4 12. Nd1 c4 13. Nf2 cxd3 14. cxd3 Qb6 15.
Kh1 a5 16. f5 Qb5 17. Bh6 Rac8 18. fxg6 fxg6 19. Bxg7 Kxg7 20. Ng5 Bd7 21. Rac1
Rxc1 22. Rxc1 h6 23. Nf3 g5 0-1

[Event "4NCL/Div4/ANGA2 vs. WOB"]
[Site "Sunningdale ENG"]
[Date "2008.03.16"]
[Round "8.5"]
[White "Ruthen, Steven"]
[Black "Davies, Matthew"]
[Result "1/2-1/2"]
[WhiteElo "2050"]
[BlackElo "1937"]
[PlyCount "40"]
[EventDate "2008.03.16"]
[EventType "team"]
[EventRounds "11"]
[EventCountry "ENG"]
[SourceDate "2007.09.15"]

1. f4 d5 2. Nf3 c5 3. g3 Nc6 4. Bg2 Nf6 5. O-O g6 6. d3 Bg7 7. c3 O-O 8. Qc2
Qc7 9. e4 dxe4 10. dxe4 e5 11. Na3 Qe7 12. Nc4 exf4 13. Bxf4 Qxe4 14. Qxe4 Nxe4
15. Rae1 f5 16. Ng5 h6 17. Nxe4 fxe4 18. Bxe4 Bh3 19. Bg2 Bxg2 20. Kxg2 Rad8
1/2-1/2